Riconosci il Pokémon - Quiz n°588 - Statistics

Statistiche generali
  • Questo quiz è stato fatto 4 volte
  • Il punteggio medio è 10 su 10
Statistiche sulle risposte
Indizio Risposta % Corretto
Altezza 1,8 m
100%
Tasso di cattura 45 (11.9%)
100%
Peso 83,0 kg
100%
Sesso 87.5% ♂, 12.5% 1,8 m♀
100%
Abilità Aiutofuoco; Prepotenza
100%
Tipo Fuoco / Buio
100%
Tasso di allevamento Medio-Lento
100%
Stadio evoluzione Seconda evoluzione
100%
Generazione Settima
100%
Pokémon Incineroar
50%
Nessun quiz corrispondente trovato
Distribuzione punteggi
Percentuale di utenti per punteggio
Percentile per numero di risposta
I tuoi punteggi nel tempo
Non hai fatto questo quiz